000 00389cam a22001457a 4500
008 180718b1968 xxu||||| |||| 00| 0 eng d
082 _aT19 K149
100 _aKarve, D.G.
245 _aCo-operation: principles and substance
_cby D.G. Karve
260 _aBombay
_bAsia
_c1968
300 _a60p.
440 _aGokhale Institute Studies, NO.54
500 _aRs.6.00
650 _aCooperation
999 _c371392
_d371392